[Event "Bundesliga 9697"]
[Site "Deutschland"]
[Date "1996.??.??"]
[Round "?.2"]
[White "Schlosser, Philipp"]
[Black "Martinovic, Slobodan"]
[Result "1/2-1/2"]
[WhiteElo "2560"]
[BlackElo "2500"]
[PlyCount "35"]
[EventDate "1996.10.??"]
[EventType "team"]
[EventRounds "15"]
[EventCountry "GER"]
[SourceTitle "Bundesliga 9697"]
[Source "DeepChess"]
[SourceDate "2005.01.01"]
[SourceVersion "1"]
[SourceVersionDate "2005.01.01"]
[SourceQuality "1"]
[WhiteTeam "SK Passau 1869"]
[BlackTeam "SC Anderssen St.Ingbert 1920 e.V."]
[WhiteTeamCountry "GER"]
[BlackTeamCountry "GER"]

1. Nf3 Nf6 2. c4 g6 3. Nc3 Bg7 4. e4 d6 5. d4 Bg4 6. Be2 O-O 7. Be3 Nfd7 8. h4
c5 9. d5 Qa5 10. Qd2 h5 11. Bh6 a6 12. Bxg7 Kxg7 13. b3 Nf6 14. a4 Nbd7 15. O-O
Rad8 16. Qb2 Bxf3 17. Bxf3 e5 18. Rae1 1/2-1/2

[Event "Bundesliga 9697"]
[Site "Deutschland"]
[Date "1996.??.??"]
[Round "?.3"]
[White "Bauer, Christian"]
[Black "Smejkal, Jan"]
[Result "0-1"]
[WhiteElo "2465"]
[BlackElo "2500"]
[PlyCount "88"]
[EventDate "1996.10.??"]
[EventType "team"]
[EventRounds "15"]
[EventCountry "GER"]
[SourceTitle "Bundesliga 9697"]
[Source "DeepChess"]
[SourceDate "2005.01.01"]
[SourceVersion "1"]
[SourceVersionDate "2005.01.01"]
[SourceQuality "1"]
[WhiteTeam "SC Anderssen St.Ingbert 1920 e.V."]
[BlackTeam "SK Passau 1869"]
[WhiteTeamCountry "GER"]
[BlackTeamCountry "GER"]

1. c4 e5 2. g3 Nf6 3. Bg2 d5 4. cxd5 Nxd5 5. Nf3 Nc6 6. O-O Be7 7. d4 e4 8. Ne5
f5 9. Nxc6 bxc6 10. Nc3 O-O 11. Qa4 Qd6 12. Nxd5 cxd5 13. Bf4 Qa6 14. Qc2 c6
15. Rfc1 Bd7 16. e3 Qb6 17. Bf1 a5 18. Rab1 Ra7 19. Qd1 Re8 20. Kg2 Rb7 21. Be2
Bf8 22. g4 fxg4 23. Bxg4 Qd8 24. Rc2 Bd6 25. Bg3 Rf8 26. Rbc1 Bxg3 27. hxg3 Kh8
28. Bxd7 Qxd7 29. Qd2 Qg4 30. Rxc6 Rbf7 31. R6c2 h5 32. Rh1 g5 33. Qd1 Rf3 34.
Qe1 h4 35. Rc6 Rxf2+ 36. Qxf2 Rxf2+ 37. Kxf2 Qf3+ 38. Kg1 Qxe3+ 39. Kg2 Qxg3+
40. Kf1 Qf3+ 41. Kg1 e3 42. Rh2 e2 43. Rc8+ Kg7 44. Re8 Qf1# 0-1

[Event "Bundesliga 9697"]
[Site "Deutschland"]
[Date "1996.??.??"]
[Round "?.4"]
[White "Wells, Peter K"]
[Black "Ristic, Nenad"]
[Result "1-0"]
[WhiteElo "2475"]
[BlackElo "2445"]
[PlyCount "81"]
[EventDate "1996.10.??"]
[EventType "team"]
[EventRounds "15"]
[EventCountry "GER"]
[SourceTitle "Bundesliga 9697"]
[Source "DeepChess"]
[SourceDate "2005.01.01"]
[SourceVersion "1"]
[SourceVersionDate "2005.01.01"]
[SourceQuality "1"]
[WhiteTeam "SK Passau 1869"]
[BlackTeam "SC Anderssen St.Ingbert 1920 e.V."]
[WhiteTeamCountry "GER"]
[BlackTeamCountry "GER"]

1. d4 Nf6 2. Nf3 c5 3. d5 g6 4. Nc3 Bg7 5. e4 O-O 6. Be2 d6 7. O-O e6 8. dxe6
Bxe6 9. Be3 Qb6 10. Rb1 Rd8 11. Ng5 Nc6 12. Nxe6 fxe6 13. Bc4 d5 14. exd5 Na5
15. Be2 exd5 16. Na4 Qd6 17. Nxc5 d4 18. Bd2 Qxc5 19. b4 Qc7 20. bxa5 Rac8 21.
Bd3 Nd5 22. Qf3 Rd7 23. Be4 Rcd8 24. Bg5 Ne7 25. Rxb7 Qxa5 26. Bxe7 Rxb7 27.
Bxb7 Rd7 28. Qb3+ Kh8 29. Qf7 Qd8 30. Bxd8 Rxf7 31. Ba6 Rd7 32. Ba5 Bf6 33. Bd3
Rb7 34. Re1 Rb2 35. a3 Kg7 36. g3 h5 37. h4 Ra2 38. Bb4 a5 39. Bxa5 Rxa3 40.
Bb4 Ra2 41. Kg2 1-0

[Event "Bundesliga 9697"]
[Site "Deutschland"]
[Date "1996.??.??"]
[Round "?.5"]
[White "Kachiani Gersinska, Ketino"]
[Black "Schmidt, Peter"]
[Result "1-0"]
[WhiteElo "2415"]
[BlackElo "2410"]
[PlyCount "113"]
[EventDate "1996.10.??"]
[EventType "team"]
[EventRounds "15"]
[EventCountry "GER"]
[SourceTitle "Bundesliga 9697"]
[Source "DeepChess"]
[SourceDate "2005.01.01"]
[SourceVersion "1"]
[SourceVersionDate "2005.01.01"]
[SourceQuality "1"]
[WhiteTeam "SC Anderssen St.Ingbert 1920 e.V."]
[BlackTeam "SK Passau 1869"]
[WhiteTeamCountry "GER"]
[BlackTeamCountry "GER"]

1. d4 d5 2. c4 c6 3. Nf3 Nf6 4. Nc3 dxc4 5. a4 Bf5 6. e3 e6 7. Bxc4 Bb4 8. O-O
O-O 9. Nh4 Nbd7 10. Nxf5 exf5 11. Qb3 Qe7 12. a5 Rab8 13. Qc2 g6 14. Rd1 Rfe8
15. Bd2 Bd6 16. g3 h5 17. Bf1 h4 18. Bg2 hxg3 19. hxg3 Kg7 20. d5 cxd5 21. Nxd5
Nxd5 22. Bxd5 Nf6 23. Bc3 Be5 24. a6 b6 25. Bxe5 Qxe5 26. Bb7 Rbd8 27. Rac1 Ne4
28. Bxe4 fxe4 29. Qc3 Qxc3 30. bxc3 Rd3 31. Rxd3 exd3 32. Rd1 Rd8 33. c4 Kf6
34. Kf1 Ke5 35. f3 f5 36. Ke1 g5 37. Kd2 f4 38. exf4+ gxf4 39. Re1+ Kf5 40. g4+
Kg5 41. Re7 Kh4 42. Rxa7 Kg3 43. Rb7 Kxf3 44. a7 Ra8 45. g5 Kg2 46. g6 f3 47.
g7 f2 48. Rb8 f1=Q 49. g8=Q+ Kh2 50. Qh7+ Kg3 51. Qg7+ Kh4 52. Rh8+ Rxh8 53.
Qxh8+ Kg4 54. Qg7+ Kh4 55. Qh6+ Kg4 56. Qg6+ Kh4 57. Qe4+ 1-0

[Event "Bundesliga 9697"]
[Site "Deutschland"]
[Date "1996.??.??"]
[Round "?.6"]
[White "Klebel, Martin"]
[Black "Werner, Dimo"]
[Result "1/2-1/2"]
[WhiteElo "2410"]
[BlackElo "2385"]
[PlyCount "111"]
[EventDate "1996.10.??"]
[EventType "team"]
[EventRounds "15"]
[EventCountry "GER"]
[SourceTitle "Bundesliga 9697"]
[Source "DeepChess"]
[SourceDate "2005.01.01"]
[SourceVersion "1"]
[SourceVersionDate "2005.01.01"]
[SourceQuality "1"]
[WhiteTeam "SK Passau 1869"]
[BlackTeam "SC Anderssen St.Ingbert 1920 e.V."]
[WhiteTeamCountry "GER"]
[BlackTeamCountry "GER"]

1. d4 Nf6 2. Nf3 g6 3. g3 Bg7 4. Bg2 O-O 5. O-O d6 6. b3 Bg4 7. Bb2 Qd7 8. Re1
Nc6 9. Nbd2 a5 10. a3 Rfd8 11. Nc4 a4 12. d5 Nb8 13. b4 e5 14. Ne3 Bh3 15. Bh1
Bh6 16. c4 Qe8 17. Nf1 Nbd7 18. e4 Ng4 19. Bc1 Bxc1 20. Qxc1 Qe7 21. Ng5 Bxf1
22. Rxf1 h6 23. Nf3 Kg7 24. h3 Ngf6 25. Qe3 c5 26. Nd2 Rdc8 27. b5 Nh7 28. f4
Re8 29. f5 g5 30. Bf3 Nhf6 31. Qe2 Rh8 32. Bh5 Nb6 33. Ra2 Kf8 34. Kf2 Ke8 35.
Ke3 Kd7 36. Kd3 Kc7 37. Nb1 Rag8 38. Rg1 Nxh5 39. Qxh5 g4 40. hxg4 Nd7 41. g5
Rxg5 42. Qd1 Rhg8 43. Rag2 Nb6 44. Nd2 Rg4 45. Qe1 h5 46. Rh2 h4 47. Rxh4 Rxg3+
48. Rxg3 Qxh4 49. Nf1 Rg4 50. Qe3 Rf4 51. Nd2 Qh1 52. Rg1 Qh5 53. Qe2 Qh3+ 54.
Qe3 Qh5 55. Qe2 Qh3+ 56. Qe3 1/2-1/2

[Event "Bundesliga 9697"]
[Site "Deutschland"]
[Date "1996.??.??"]
[Round "?.7"]
[White "Becker, Marc"]
[Black "Gross, David2"]
[Result "1/2-1/2"]
[WhiteElo "2415"]
[BlackElo "2335"]
[PlyCount "64"]
[EventDate "1996.10.??"]
[EventType "team"]
[EventRounds "15"]
[EventCountry "GER"]
[SourceTitle "Bundesliga 9697"]
[Source "DeepChess"]
[SourceDate "2005.01.01"]
[SourceVersion "1"]
[SourceVersionDate "2005.01.01"]
[SourceQuality "1"]
[WhiteTeam "SC Anderssen St.Ingbert 1920 e.V."]
[BlackTeam "SK Passau 1869"]
[WhiteTeamCountry "GER"]
[BlackTeamCountry "GER"]

1. c4 Nf6 2. Nf3 e6 3. g3 d5 4. b3 Be7 5. Bg2 O-O 6. O-O c5 7. Bb2 Nc6 8. e3 b6
9. Nc3 Bb7 10. cxd5 Nxd5 11. Nxd5 Qxd5 12. d4 Nb4 13. Nh4 Qd7 14. dxc5 Qxd1 15.
Rfxd1 Bxg2 16. Nxg2 Bxc5 17. a3 Nc6 18. b4 Be7 19. b5 Na5 20. Rd7 Bc5 21. a4
Rfd8 22. Rad1 Be7 23. Nf4 Nb3 24. Rxd8+ Rxd8 25. Rxd8+ Bxd8 26. Ba3 Bc7 27. Nd3
f6 28. Bb4 Kf7 29. Kf1 e5 30. e4 Ke6 31. Bc3 Bd6 32. Ke2 Nc5 1/2-1/2

[Event "Bundesliga 9697"]
[Site "Deutschland"]
[Date "1996.??.??"]
[Round "?.8"]
[White "Schlingensiepen, Christian"]
[Black "Kummerow, Heiko"]
[Result "1/2-1/2"]
[WhiteElo "2290"]
[BlackElo "2265"]
[PlyCount "81"]
[EventDate "1996.10.??"]
[EventType "team"]
[EventRounds "15"]
[EventCountry "GER"]
[SourceTitle "Bundesliga 9697"]
[Source "DeepChess"]
[SourceDate "2005.01.01"]
[SourceVersion "1"]
[SourceVersionDate "2005.01.01"]
[SourceQuality "1"]
[WhiteTeam "SK Passau 1869"]
[BlackTeam "SC Anderssen St.Ingbert 1920 e.V."]
[WhiteTeamCountry "GER"]
[BlackTeamCountry "GER"]

1. e4 e6 2. d4 d5 3. Nd2 Nf6 4. e5 Nfd7 5. f4 c5 6. c3 Nc6 7. Ndf3 cxd4 8. cxd4
Qb6 9. g3 Be7 10. Ne2 O-O 11. Bh3 f6 12. exf6 Nxf6 13. O-O Ne4 14. Kg2 Bd7 15.
Nc3 Rad8 16. Qe2 Nxd4 17. Nxd4 Qxd4 18. Nxe4 Qxe4+ 19. Qxe4 dxe4 20. Be3 b6 21.
a4 Bb4 22. Rfd1 Bc8 23. Rxd8 Rxd8 24. Rc1 Bc5 25. b4 Bxe3 26. Rxc8 Rxc8 27.
Bxe6+ Kf8 28. Bxc8 Bd2 29. b5 Ke7 30. Bf5 e3 31. Kf3 h6 32. Bd3 Kd6 33. Ke4 Kc5
34. g4 Kb4 35. h4 Kxa4 36. Be2 Kb4 37. g5 hxg5 38. fxg5 Kc5 39. Kf5 Kd6 40. Kg6
Bc3 41. Kf5 1/2-1/2

[Event "Bundesliga 9697"]
[Site "Deutschland"]
[Date "1996.??.??"]
[Round "?.1"]
[White "Van der Sterren, Paul"]
[Black "Dautov, Rustem"]
[Result "1/2-1/2"]
[WhiteElo "2510"]
[BlackElo "2615"]
[PlyCount "99"]
[EventDate "1996.10.??"]
[EventType "team"]
[EventRounds "15"]
[EventCountry "GER"]
[SourceTitle "Bundesliga 9697"]
[Source "DeepChess"]
[SourceDate "2005.01.01"]
[SourceVersion "1"]
[SourceVersionDate "2005.01.01"]
[SourceQuality "1"]
[WhiteTeam "SV Castrop Rauxel 1923"]
[BlackTeam "SC Anderssen St.Ingbert 1920 e.V."]
[WhiteTeamCountry "GER"]
[BlackTeamCountry "GER"]

1. Nf3 Nf6 2. g3 d5 3. Bg2 c6 4. O-O Bg4 5. d4 e6 6. Nbd2 Nbd7 7. Re1 Be7 8. e4
dxe4 9. Nxe4 O-O 10. c3 Re8 11. Qb3 Qb6 12. Nxf6+ Bxf6 13. Bf4 Qxb3 14. axb3 a6
15. Ne5 Nxe5 16. Bxe5 Be7 17. Be4 Bh5 18. h4 Rad8 19. b4 Rd7 20. Bf4 Bg6 21.
Bf3 h6 22. h5 Bc2 23. Re3 Kf8 24. g4 Bf6 25. Kh2 Ra8 26. Be2 Re8 27. Bc4 Bh7
28. Bb3 Ra8 29. Kg2 Bd8 30. Kf3 Bf6 31. Ree1 Re8 32. Ra5 Bd8 33. Rae5 Bf6 34.
Ra5 Bd8 35. Rae5 Bf6 36. R5e3 Ra8 37. Rg1 Be7 38. Ree1 Bd8 39. g5 hxg5 40. Bxg5
Bf5 41. Bxd8 Raxd8 42. Ra1 Kg8 43. Kf4 Kh7 44. Rg3 Kh6 45. Bc4 Rg8 46. Be2 Rdd8
47. Bf3 Rd7 48. Rag1 Rdd8 49. Be2 Rd7 50. Bf3 1/2-1/2

[Event "Bundesliga 9697"]
[Site "Deutschland"]
[Date "1996.??.??"]
[Round "?.2"]
[White "Martinovic, Slobodan"]
[Black "King, Daniel J"]
[Result "0-1"]
[WhiteElo "2500"]
[BlackElo "2535"]
[PlyCount "110"]
[EventDate "1996.10.??"]
[EventType "team"]
[EventRounds "15"]
[EventCountry "GER"]
[SourceTitle "Bundesliga 9697"]
[Source "DeepChess"]
[SourceDate "2005.01.01"]
[SourceVersion "1"]
[SourceVersionDate "2005.01.01"]
[SourceQuality "1"]
[WhiteTeam "SC Anderssen St.Ingbert 1920 e.V."]
[BlackTeam "SV Castrop Rauxel 1923"]
[WhiteTeamCountry "GER"]
[BlackTeamCountry "GER"]

1. Nf3 Nf6 2. g3 d5 3. Bg2 c6 4. b3 Bg4 5. Ba3 Nbd7 6. O-O Bxf3 7. Bxf3 e5 8.
Bxf8 Nxf8 9. Qc1 Ne6 10. e3 h5 11. d3 h4 12. Nd2 hxg3 13. fxg3 Qb6 14. Qe1
O-O-O 15. Qe2 Rh6 16. Rf2 Rdh8 17. Nf1 Qc7 18. Re1 e4 19. dxe4 Ng5 20. Bg2
Nfxe4 21. Rf4 Ne6 22. Rf3 Nf6 23. Rf5 Rh5 24. Rxh5 Rxh5 25. c4 dxc4 26. Qxc4
Rc5 27. Qd3 Qa5 28. Qe2 Rc3 29. Bh3 Qe5 30. Qf3 Kc7 31. Bxe6 fxe6 32. Nd2 Qd5
33. Qf2 Rc2 34. Re2 Rxa2 35. e4 Qd3 36. Qf4+ Qd6 37. e5 Qc5+ 38. Kg2 Nd7 39.
Qe4 Qd5 40. Kf1 Qxe4 41. Nxe4 Rxe2 42. Kxe2 Nxe5 43. Nc5 g6 44. h4 Kd6 45.
Nxb7+ Kd5 46. Kd2 c5 47. Nd8 Nf3+ 48. Kc3 e5 49. Nf7 e4 50. Nh6 Ne5 51. g4 e3
52. h5 gxh5 53. gxh5 Ke4 54. Ng8 e2 55. Kd2 Kf3 0-1

[Event "Bundesliga 9697"]
[Site "Deutschland"]
[Date "1996.??.??"]
[Round "?.4"]
[White "Kohlweyer, Bernd"]
[Black "Appel, Ralf"]
[Result "1/2-1/2"]
[WhiteElo "2430"]
[BlackElo "2490"]
[PlyCount "94"]
[EventDate "1996.10.??"]
[EventType "team"]
[EventRounds "15"]
[EventCountry "GER"]
[SourceTitle "Bundesliga 9697"]
[Source "DeepChess"]
[SourceDate "2005.01.01"]
[SourceVersion "1"]
[SourceVersionDate "2005.01.01"]
[SourceQuality "1"]
[WhiteTeam "SC Anderssen St.Ingbert 1920 e.V."]
[BlackTeam "SV Castrop Rauxel 1923"]
[WhiteTeamCountry "GER"]
[BlackTeamCountry "GER"]

1. d4 Nf6 2. c4 d6 3. Nc3 e5 4. Nf3 Nbd7 5. Bg5 Be7 6. e3 Ng8 7. Bxe7 Qxe7 8.
Be2 Ngf6 9. O-O O-O 10. Qc2 Re8 11. Rac1 c6 12. b4 Nf8 13. h3 Ng6 14. Rfe1 Bd7
15. Bf1 exd4 16. exd4 Qf8 17. Qd2 d5 18. c5 Bf5 19. Ne5 Nxe5 20. dxe5 Ne4 21.
Qf4 Bg6 22. Ne2 f6 23. exf6 Nxf6 24. Nd4 Re4 25. Rxe4 Nxe4 26. Qxf8+ Rxf8 27.
f3 Ng3 28. Kf2 Nf5 29. Rd1 Kf7 30. Nb3 Ne7 31. Re1 Rb8 32. g4 Bc2 33. Nd4 Ba4
34. Re3 a6 35. Bd3 Bb5 36. Bc2 Bc4 37. a3 a5 38. Kg3 h6 39. Bb3 axb4 40. axb4
Bxb3 41. Nxb3 Rd8 42. h4 g6 43. Na5 Rd7 44. Nb3 Rd8 45. Na5 Rb8 46. Re1 Kf6 47.
Re3 b6 1/2-1/2

[Event "Bundesliga 9697"]
[Site "Deutschland"]
[Date "1996.??.??"]
[Round "?.5"]
[White "Libeau, Rene"]
[Black "Ristic, Nenad"]
[Result "1-0"]
[WhiteElo "2450"]
[BlackElo "2445"]
[PlyCount "76"]
[EventDate "1996.10.??"]
[EventType "team"]
[EventRounds "15"]
[EventCountry "GER"]
[SourceTitle "Bundesliga 9697"]
[Source "DeepChess"]
[SourceDate "2005.01.01"]
[SourceVersion "1"]
[SourceVersionDate "2005.01.01"]
[SourceQuality "1"]
[WhiteTeam "SV Castrop Rauxel 1923"]
[BlackTeam "SC Anderssen St.Ingbert 1920 e.V."]
[WhiteTeamCountry "GER"]
[BlackTeamCountry "GER"]

1. Nf3 c5 2. g3 Nc6 3. Bg2 g6 4. c3 Bg7 5. d4 cxd4 6. cxd4 d5 7. O-O Nf6 8. Ne5
O-O 9. Nc3 e6 10. Nxc6 bxc6 11. Na4 Nd7 12. Be3 Nb6 13. Nxb6 axb6 14. Qd2 Re8
15. Rac1 Bd7 16. b3 Ra3 17. Rc2 Qa8 18. Bf4 Bf8 19. e4 Qa6 20. Re1 Ra8 21. Re2
Ra7 22. h4 Qb5 23. Be5 Qb4 24. Qf4 Be7 25. Bf6 Bxf6 26. Qxf6 Ra8 27. h5 Qf8 28.
exd5 cxd5 29. Rc7 Qd8 30. Qf4 R8a7 31. Rec2 Rxa2 32. h6 Rxc2 33. Rxa7 Rc8 34.
Qe5 f6 35. Qd6 Be8 36. Qxe6+ Kh8 37. Bxd5 Bb5 38. Qf7 Qg8 1-0

[Event "Bundesliga 9697"]
[Site "Deutschland"]
[Date "1996.??.??"]
[Round "?.6"]
[White "Kachiani Gersinska, Ketino"]
[Black "Dinstuhl, Volkmar"]
[Result "1/2-1/2"]
[WhiteElo "2415"]
[BlackElo "2405"]
[PlyCount "137"]
[EventDate "1996.10.??"]
[EventType "team"]
[EventRounds "15"]
[EventCountry "GER"]
[SourceTitle "Bundesliga 9697"]
[Source "DeepChess"]
[SourceDate "2005.01.01"]
[SourceVersion "1"]
[SourceVersionDate "2005.01.01"]
[SourceQuality "1"]
[WhiteTeam "SC Anderssen St.Ingbert 1920 e.V."]
[BlackTeam "SV Castrop Rauxel 1923"]
[WhiteTeamCountry "GER"]
[BlackTeamCountry "GER"]

1. d4 Nf6 2. c4 e6 3. g3 c5 4. d5 exd5 5. cxd5 d6 6. Nc3 g6 7. Nf3 Bg7 8. Bg2
O-O 9. O-O Re8 10. Bf4 Nh5 11. Bg5 Qb6 12. Qc1 Bd7 13. Bh6 Qd8 14. Bxg7 Kxg7
15. Nd2 b5 16. Nce4 Bf5 17. b4 cxb4 18. Qb2+ Nf6 19. Qxb4 Bxe4 20. Nxe4 Nxe4
21. Bxe4 a5 22. Qb2+ Qf6 23. Qxb5 Nd7 24. Bg2 Nc5 25. Rab1 Reb8 26. Qxb8 Rxb8
27. Rxb8 a4 28. Rb6 Qe5 29. Bf3 h5 30. h4 Kh6 31. Rc6 Qb2 32. Rxd6 Qxa2 33. Rc6
Nd7 34. Rc7 Ne5 35. d6 Qd2 36. Ra7 Qxd6 37. Rxa4 Kg7 38. Rfa1 Qc5 39. Ra5 Qd4
40. Rc1 Qd2 41. Rcc5 Qe1+ 42. Kg2 Nc4 43. Ra2 Nd2 44. Rxd2 Qxd2 45. Rc7 Qd6 46.
Rb7 Qc5 47. Rd7 Qb5 48. Rd4 Qe5 49. e3 Qc5 50. Bd5 f6 51. Bf3 Qc7 52. Rb4 Qc5
53. Rb7+ Kh6 54. Be4 Qe5 55. Bf3 Qc5 56. Rd7 Qb5 57. Rd6 Qe5 58. Ra6 Kg7 59.
Ba8 Kh6 60. e4 Qe7 61. Bd5 Kg7 62. Rb6 Kh6 63. Re6 Qd8 64. Bc6 Kg7 65. Bd5 Kh6
66. Bc6 Kg7 67. Re8 Qc7 68. Bd5 Qd6 69. Re6 1/2-1/2

[Event "Bundesliga 9697"]
[Site "Deutschland"]
[Date "1996.??.??"]
[Round "?.7"]
[White "Brendel, Oliver"]
[Black "Gross, Georg"]
[Result "1/2-1/2"]
[WhiteElo "2420"]
[BlackElo "2355"]
[PlyCount "83"]
[EventDate "1996.10.??"]
[EventType "team"]
[EventRounds "15"]
[EventCountry "GER"]
[SourceTitle "Bundesliga 9697"]
[Source "DeepChess"]
[SourceDate "2005.01.01"]
[SourceVersion "1"]
[SourceVersionDate "2005.01.01"]
[SourceQuality "1"]
[WhiteTeam "SV Castrop Rauxel 1923"]
[BlackTeam "SC Anderssen St.Ingbert 1920 e.V."]
[WhiteTeamCountry "GER"]
[BlackTeamCountry "GER"]

1. e4 Nc6 2. Nf3 f5 3. exf5 d5 4. Nh4 e5 5. Qh5+ g6 6. fxg6 Nf6 7. Qg5 Bc5 8.
d4 Bxd4 9. Bd3 e4 10. Be2 Be6 11. Nc3 hxg6 12. Nb5 Be5 13. Nxg6 Rg8 14. Qh6
Rxg6 15. Qxg6+ Bf7 16. Qf5 a6 17. Nc3 Qd6 18. f4 exf3 19. Bxf3 Nd4 20. Qd3 Be6
21. Be3 Bf5 22. Qxd4 Bxd4 23. Bxd4 c5 24. Bxf6 Qxf6 25. O-O-O d4 26. Nd5 Qg5+
27. Kb1 O-O-O 28. h4 Bxc2+ 29. Kxc2 Qf5+ 30. Kc1 Rxd5 31. Bxd5 Qxd5 32. h5 Qxa2
33. h6 d3 34. h7 Qc4+ 35. Kd2 Qc2+ 36. Ke3 Qe2+ 37. Kf4 Qf2+ 38. Ke4 Qe2+ 39.
Kd5 Qxg2+ 40. Kxc5 Qc2+ 41. Kd4 Qxb2+ 42. Kxd3 1/2-1/2

[Event "Bundesliga 9697"]
[Site "Deutschland"]
[Date "1996.??.??"]
[Round "?.8"]
[White "Becker, Marc"]
[Black "Hennig, Dirk"]
[Result "1-0"]
[WhiteElo "2415"]
[BlackElo "2450"]
[PlyCount "57"]
[EventDate "1996.10.??"]
[EventType "team"]
[EventRounds "15"]
[EventCountry "GER"]
[SourceTitle "Bundesliga 9697"]
[Source "DeepChess"]
[SourceDate "2005.01.01"]
[SourceVersion "1"]
[SourceVersionDate "2005.01.01"]
[SourceQuality "1"]
[WhiteTeam "SC Anderssen St.Ingbert 1920 e.V."]
[BlackTeam "SV Castrop Rauxel 1923"]
[WhiteTeamCountry "GER"]
[BlackTeamCountry "GER"]

1. c4 g6 2. g3 Bg7 3. Bg2 Nf6 4. Nc3 O-O 5. Nf3 e6 6. O-O d5 7. d4 dxc4 8. Qa4
a6 9. Qxc4 Nbd7 10. Bf4 Ne8 11. a4 h6 12. e4 Nd6 13. Qe2 b6 14. e5 Nf5 15. g4
Ne7 16. Qd2 Kh7 17. g5 h5 18. Nh4 Ra7 19. Ne4 Bb7 20. Nf6+ Kh8 21. Bxb7 Rxb7
22. Qe2 Nb8 23. Rfd1 Nd5 24. Bc1 c5 25. dxc5 bxc5 26. Ra3 Nc6 27. Rh3 Nd4 28.
Nxg6+ fxg6 29. Rxh5+ 1-0

[Event "Bundesliga 9697"]
[Site "Deutschland"]
[Date "1996.??.??"]
[Round "?.2"]
[White "Lobron, Eric"]
[Black "Bauer, Christian"]
[Result "1/2-1/2"]
[WhiteElo "2585"]
[BlackElo "2465"]
[PlyCount "61"]
[EventDate "1996.10.??"]
[EventType "team"]
[EventRounds "15"]
[EventCountry "GER"]
[SourceTitle "Bundesliga 9697"]
[Source "DeepChess"]
[SourceDate "2005.01.01"]
[SourceVersion "1"]
[SourceVersionDate "2005.01.01"]
[SourceQuality "1"]
[WhiteTeam "SV Empor Berlin e.V."]
[BlackTeam "SC Anderssen St.Ingbert 1920 e.V."]
[WhiteTeamCountry "GER"]
[BlackTeamCountry "GER"]

1. d4 f5 2. Nc3 d5 3. e4 dxe4 4. Bf4 Nf6 5. f3 a6 6. Qd2 Nc6 7. O-O-O e6 8.
fxe4 fxe4 9. Nge2 Be7 10. g3 e5 11. dxe5 Qxd2+ 12. Rxd2 e3 13. Bxe3 Nxe5 14.
Bf4 Bd6 15. Bg2 O-O 16. Nd5 Rb8 17. Nec3 Nh5 18. Ne7+ Bxe7 19. Bxe5 Bg5 20.
Bd5+ Kh8 21. Bxc7 Ra8 22. Ne4 Bxd2+ 23. Kxd2 Bg4 24. Ng5 Rf2+ 25. Ke3 Raf8 26.
h3 Bc8 27. g4 Rxc2 28. Bd6 Re8+ 29. Kd3 Nf6 30. Nf7+ Kg8 31. Nh6+ 1/2-1/2

[Event "Bundesliga 9697"]
[Site "Deutschland"]
[Date "1996.??.??"]
[Round "?.3"]
[White "Kachiani Gersinska, Ketino"]
[Black "Hickl, Joerg"]
[Result "0-1"]
[WhiteElo "2415"]
[BlackElo "2600"]
[PlyCount "80"]
[EventDate "1996.10.??"]
[EventType "team"]
[EventRounds "15"]
[EventCountry "GER"]
[SourceTitle "Bundesliga 9697"]
[Source "DeepChess"]
[SourceDate "2005.01.01"]
[SourceVersion "1"]
[SourceVersionDate "2005.01.01"]
[SourceQuality "1"]
[WhiteTeam "SC Anderssen St.Ingbert 1920 e.V."]
[BlackTeam "SV Empor Berlin e.V."]
[WhiteTeamCountry "GER"]
[BlackTeamCountry "GER"]

1. d4 d6 2. c4 e5 3. Nf3 Nd7 4. Nc3 c6 5. g3 Ngf6 6. Bg2 Be7 7. O-O O-O 8. e4
a6 9. h3 b6 10. Be3 Bb7 11. Nh4 g6 12. Re1 b5 13. cxb5 axb5 14. b4 Ra3 15. Rc1
Re8 16. d5 Qa8 17. Re2 Qa6 18. dxc6 Bxc6 19. Rec2 Qa8 20. Nb1 Ra6 21. a4 bxa4
22. Nc3 Bb7 23. Bf1 Rc6 24. Bb5 Rcc8 25. Bxa4 Red8 26. Ra2 Rxc3 27. Rxc3 Bxe4
28. Rca3 Qb8 29. f3 Bb7 30. Bf2 d5 31. Rb2 d4 32. f4 exf4 33. Qxd4 Ne4 34. Bxd7
fxg3 35. Bxg3 Nxg3 36. Re3 Bg5 37. Re1 Nh5 38. Ree2 Nf6 39. Qe5 Qxe5 40. Rxe5
Bxh4 0-1

[Event "Bundesliga 9697"]
[Site "Deutschland"]
[Date "1996.??.??"]
[Round "?.4"]
[White "Boensch, Uwe"]
[Black "Werner, Dimo"]
[Result "1-0"]
[WhiteElo "2525"]
[BlackElo "2385"]
[PlyCount "67"]
[EventDate "1996.10.??"]
[EventType "team"]
[EventRounds "15"]
[EventCountry "GER"]
[SourceTitle "Bundesliga 9697"]
[Source "DeepChess"]
[SourceDate "2005.01.01"]
[SourceVersion "1"]
[SourceVersionDate "2005.01.01"]
[SourceQuality "1"]
[WhiteTeam "SV Empor Berlin e.V."]
[BlackTeam "SC Anderssen St.Ingbert 1920 e.V."]
[WhiteTeamCountry "GER"]
[BlackTeamCountry "GER"]

1. d4 Nf6 2. c4 g6 3. Nc3 Bg7 4. e4 O-O 5. Be2 c6 6. e5 Ne8 7. f4 d6 8. Be3 f6
9. Nf3 Bg4 10. Qb3 Qb6 11. exf6 exf6 12. Qxb6 axb6 13. d5 c5 14. Kd2 Nd7 15. h3
Bxf3 16. Bxf3 f5 17. g4 b5 18. cxb5 Nb6 19. Kc2 Nc7 20. a4 Bxc3 21. bxc3 Nxa4
22. c4 Nb6 23. Kb3 Nd7 24. gxf5 Rae8 25. Bd2 Rxf5 26. Bg4 Rf7 27. Ra7 Rb8 28.
Be6 Nf6 29. Bxf7+ Kxf7 30. Bc3 Ne4 31. Re1 Ng3 32. Rea1 Ke8 33. Ba5 Na8 34. Be1
1-0

[Event "Bundesliga 9697"]
[Site "Deutschland"]
[Date "1996.??.??"]
[Round "?.5"]
[White "Gross, Georg"]
[Black "Tischbierek, Raj"]
[Result "0-1"]
[WhiteElo "2355"]
[BlackElo "2500"]
[PlyCount "120"]
[EventDate "1996.10.??"]
[EventType "team"]
[EventRounds "15"]
[EventCountry "GER"]
[SourceTitle "Bundesliga 9697"]
[Source "DeepChess"]
[SourceDate "2005.01.01"]
[SourceVersion "1"]
[SourceVersionDate "2005.01.01"]
[SourceQuality "1"]
[WhiteTeam "SC Anderssen St.Ingbert 1920 e.V."]
[BlackTeam "SV Empor Berlin e.V."]
[WhiteTeamCountry "GER"]
[BlackTeamCountry "GER"]

1. d4 e6 2. g3 Nf6 3. Bg2 d5 4. Nf3 b5 5. O-O Be7 6. Ne5 O-O 7. a4 b4 8. c3
Nfd7 9. Nd3 bxc3 10. bxc3 Ba6 11. e4 Nf6 12. exd5 Nxd5 13. Re1 Nd7 14. Ba3 Bxa3
15. Rxa3 Rb8 16. Bxd5 Bxd3 17. Ba2 Ba6 18. Nd2 Nf6 19. Nb3 Nd7 20. Na5 Qf6 21.
c4 Rb2 22. Re2 Rxe2 23. Qxe2 Qxd4 24. Rd3 Qc5 25. Rxd7 Qxa5 26. Qd1 Qc5 27. Rd8
g6 28. Rxf8+ Kxf8 29. Qf3 Kg7 30. Qc3+ e5 31. Qf3 Bc8 32. g4 f6 33. Kg2 Bd7 34.
Qd1 Qc6+ 35. Kg3 Qxa4 36. Bb3 Qc6 37. c5 a5 38. Qd3 a4 39. Ba2 Be6 40. Bxe6
Qxe6 41. Qd8 Qf7 42. Qa8 Qd7 43. h4 Qd3+ 44. Kg2 Qd4 45. f3 Qd2+ 46. Kg3 Qf4+
47. Kh3 f5 48. Qc6 fxg4+ 49. fxg4 Qe3+ 50. Kg2 Qe2+ 51. Kg3 Qd3+ 52. Kg2 Qd8
53. g5 h6 54. Qe6 hxg5 55. Qxe5+ Kh6 56. h5 gxh5 57. Qe6+ Kg7 58. Qe5+ Kg6 59.
Qe6+ Qf6 60. Qg8+ Kh6 0-1